[Event "Bhopal GM Open 2018"]
[Site "Bhopal"]
[Date "2018.12.27"]
[Round "9"]
[White "Shyaamnikhil P"]
[Black "Nguyen, Van Huy"]
[Result "1/2-1/2"]
[WhiteElo "2448"]
[BlackElo "2438"]
[Annotator "NA RC"]
[PlyCount "105"]
[EventDate "2018.12.21"]
[EventType "swiss"]
[EventCountry "IND"]
[SourceTitle "playchess.com"]
[Source "ChessBase"]
[SourceQuality "1"]
[TimeControl "5400+30"]

1. e4 {[%emt 0:00:06]} c6 {[%emt 0:00:19]} 2. Nc3 {[%emt 0:00:57]} d5 {[%emt 0:00:48]} 3. d4 {[%emt 0:00:20]} dxe4 {[%emt 0:00:29]} 4. Nxe4 {[%emt 0:00:09]} Bf5 {[%emt 0:00:09]} 5. Qf3 {[%emt 0:00:14]} e6 {[%emt 0:00:48] LiveBook: 74 Games} 6. c3 {[%emt 0:06:46] B18: Classical Caro-Kann: 4...Bf5 sidelines} (6. Ne2 Bxe4 7. Qxe4 Nf6 8. Qf3 Qb6 9. g3 c5 10. Bg2 Nc6 11. dxc5 Bxc5 12. O-O O-O 13. Bg5 {½-½ (13) Demchenko,A (2629)-Tomashevsky,E (2696) Minsk 2017}) 6... Be7 {[%emt 0:05:39]} 7. Ne2 Bxe4 {[%emt 0:03:59]} 8. Qxe4 {[%emt 0:03:47]} Nf6 {[%emt 0:00:11]} 9. Qc2 {[%emt 0:00:15]} O-O $146 {[%emt 0:01:31]} ({Predecessor:} 9... Nbd7 10. g3 O-O 11. Bg2 Qc7 12. O-O Rad8 13. c4 e5 {1-0 (24) Benoit,R (2064)-Guerrero,A (2201) Montevideo 2015}) 10. Nf4 {[%emt 0:04:45]} c5 {[%emt 0:09:18]} 11. dxc5 {[%emt 0:01:03]} e5 {[%emt 0:00:57]} 12. Nh3 {[%emt 0:00:32]} Bxc5 {[%emt 0:00:55]} 13. Be2 {[%emt 0:00:07]} h6 {[%emt 0:04:24]} 14. g4 {[%emt 0:01:22]} e4 {[%emt 0:09:50]} 15. g5 {[%emt 0:06:15]} hxg5 {[%emt 0:07:16]} 16. Bxg5 {[%emt 0:02:06]} Nc6 {[%emt 0:01:05]} 17. Rg1 {[%emt 0:02:29]} Re8 {[%emt 0:04:00]} 18. Rg3 {[%emt 0:07:27]} Ne5 {[%emt 0:07:19]} 19. Kf1 {[%emt 0:00:53]} Ng6 {[%emt 0:03:03]} 20. Rd1 {[%emt 0:10:39]} Qb6 {[%emt 0:03:14]} 21. b4 {[%emt 0:00:23]} (21. Qb3 $14) 21... Bd6 {[%emt 0:02:17]} 22. Be3 {[%emt 0:19:27]} Qc7 {[%emt 0:02:09]} 23. Rxg6 {[%emt 0:03:03]} fxg6 {[%emt 0:00:14]} 24. Qb3+ {[%emt 0:00:05]} Kh8 {[%emt 0:00:40]} 25. c4 {[%emt 0:03:11]} Nh7 {[%emt 0:05:17]} 26. c5 {[%emt 0:00:45]} Be5 {[%emt 0:01:19]} 27. Ng5 {[%emt 0:01:26]} Nxg5 {[%emt 0:07:26]} 28. Bxg5 {[%emt 0:00:17]} Qc8 {[%emt 0:00:09]} 29. Bb5 {[%emt 0:03:20]} Qg4 {[%emt 0:00:51]} 30. Bxe8 {[%emt 0:00:42]} Rxe8 {[%emt 0:00:11]} 31. Be3 {[%emt 0:02:45] [#]} (31. Re1 $11 {keeps the balance.}) 31... Bxh2 {[%emt 0:01:17]} (31... Bc3 $1 $17 {[%mdl 512]} 32. Qa4 (32. Qxc3 Qxd1+) 32... Rf8) 32. Rd5 {[%emt 0:00:46]} Rf8 {[%emt 0:02:35]} 33. Qd1 $1 {[%emt 0:03:22]} Qh4 {[%emt 0:01:31]} 34. Qd4 $1 {[%emt 0:01:54]} Kh7 {[%emt 0:04:13]} 35. Ke1 {[%emt 0:00:30]} Rf3 {[%emt 0:03:36]} 36. Kd1 {[%emt 0:03:31]} Qg4 {[%emt 0:02:36]} 37. Kc2 {[%emt 0:00:27]} Rf7 {[%emt 0:01:12]} 38. Qd1 {[%emt 0:01:20]} Qe6 {[%emt 0:00:23]} 39. Kb1 {[%emt 0:01:04]} Bc7 {[%emt 0:01:06]} 40. Rd4 {[%emt 0:00:44]} Qf5 {[%emt 0:00:47]} 41. Qh1+ {[%emt 0:00:13]} Qh5 {[%emt 0:01:43]} 42. Qxe4 {[%emt 0:00:20]} a5 {[%emt 0:00:29]} 43. b5 {[%emt 0:02:52]} Be5 {[%emt 0:00:31]} 44. Rd5 {[%emt 0:01:22]} Rf5 {[%emt 0:00:14]} 45. Qc2 {[%emt 0:04:58]} (45. Qc4 $18) 45... Qf3 {[%emt 0:00:50] [#]} (45... Qg4 $11) 46. Rd1 {[%emt 0:00:26]} (46. Qc4 $1 $16) 46... Bf6 {[%emt 0:00:14]} 47. a4 $11 {[%emt 0:00:24]} Rh5 {[%emt 0:01:34]} 48. Rg1 {[%emt 0:00:14]} Rh4 {[%emt 0:00:38]} 49. Qxg6+ {[%emt 0:00:14]} Kh8 {[%emt 0:00:40]} 50. Qe8+ {[%emt 0:00:07]} Kh7 {[%emt 0:00:03]} 51. Qg6+ {[%emt 0:00:20]} Kh8 {[%emt 0:00:03]} 52. Qe8+ {[%emt 0:00:06]} Kh7 {[%emt 0:00:03]} 53. Qg6+ 1/2-1/2

[Event "Bhopal GM Open 2018"]
[Site "Bhopal"]
[Date "2018.12.27"]
[Round "9"]
[White "Manik, Mikulas"]
[Black "Purushothaman, Thirumalai"]
[Result "1-0"]
[WhiteElo "2410"]
[BlackElo "2169"]
[Annotator "RC"]
[PlyCount "51"]
[EventDate "2018.12.21"]
[EventType "swiss"]
[EventCountry "IND"]
[SourceTitle "playchess.com"]
[Source "ChessBase"]
[SourceQuality "1"]
[TimeControl "5400+30"]

1. e4 {[%emt 0:00:00]} c5 {[%emt 0:00:00]} 2. Nf3 {[%emt 0:00:00]} d6 {[%emt 0:00:00]} 3. d4 {[%emt 0:00:00]} cxd4 {[%emt 0:00:00]} 4. Nxd4 {[%emt 0:00:00]} Nf6 {[%emt 0:00:00]} 5. Nc3 {[%emt 0:00:00]} a6 {[%emt 0:00:07]} 6. h3 {[%emt 0:00:00]} e6 {[%emt 0:01:26]} 7. g4 {[%emt 0:00:39]} d5 {[%emt 0:00:10]} 8. Nde2 {[%emt 0:00:13]} Bb4 {[%emt 0:07:50]} 9. a3 Bxc3+ {[%emt 0:03:19]} 10. Nxc3 {[%emt 0:11:05]} Nxe4 {[%emt 0:00:44]} 11. Nxe4 {[%emt 0:00:15]} dxe4 {[%emt 0:00:06]} 12. Qxd8+ {[%emt 0:00:18]} Kxd8 {[%emt 0:00:07]} 13. Bg2 {[%emt 0:00:35]} Bd7 {[%emt 0:00:11]} 14. Bf4 {[%emt 0:01:51]} Bc6 {[%emt 0:04:17]} 15. O-O-O+ {[%emt 0:01:25]} Nd7 {[%emt 0:02:21]} 16. Rhe1 {[%emt 0:02:21]} Ke7 {[%emt 0:01:51]} 17. Bd6+ {[%emt 0:03:13]} Kf6 {[%emt 0:00:46]} 18. Bxe4 {[%emt 0:00:30]} Rac8 {[%emt 0:01:36]} 19. g5+ {[%emt 0:07:03]} Kxg5 {[%emt 0:00:19]} 20. Be7+ {[%emt 0:00:10]} Nf6 {[%emt 0:00:26]} 21. Rg1+ {[%emt 0:01:12]} Kh6 {[%emt 0:00:55]} 22. Bxc6 {[%emt 0:01:53]} Rxc6 {[%emt 0:00:15]} 23. Rd4 {[%emt 0:01:43]} Nh5 {[%emt 0:09:31]} 24. Bg5+ {[%emt 0:02:19]} Kg6 {[%emt 0:00:08]} 25. Rh4 {[%emt 0:00:05]} Nf6 {[%emt 0:00:45]} 26. Be3+ 1-0

[Event "Bhopal GM Open 2018"]
[Site "Bhopal"]
[Date "2018.12.27"]
[Round "9"]
[White "Raahul V S"]
[Black "Vaibhav Jayant Raut"]
[Result "1-0"]
[WhiteElo "2381"]
[BlackElo "2005"]
[Annotator "NA RC"]
[PlyCount "83"]
[EventDate "2018.12.21"]
[EventType "swiss"]
[EventCountry "IND"]
[SourceTitle "playchess.com"]
[Source "ChessBase"]
[SourceQuality "1"]
[TimeControl "5400+30"]

1. c4 {[%emt 0:00:00]} b6 {[%emt 0:00:00]} 2. Nc3 {[%emt 0:00:00]} Bb7 {[%emt 0:00:00]} 3. e4 {[%emt 0:00:00]} e5 {[%emt 0:00:02] A10: English Opening: Unusual Replies for Black} 4. Nf3 {[%emt 0:00:18]} Nc6 {[%emt 0:00:17]} 5. Be2 {[%emt 0:00:42]} Nf6 {LiveBook: 8 Games} 6. O-O {[%emt 0:03:07]} Bc5 {[%emt 0:08:16]} 7. Nxe5 {[%emt 0:01:35]} Nxe5 {[%emt 0:00:06]} 8. d4 {[%emt 0:00:02]} Nc6 $146 {[%emt 0:00:48]} ({Predecessor:} 8... Bd6 9. dxe5 Bxe5 10. f3 Bxc3 11. bxc3 d6 12. Bg5 {0-1 (29) Gasanov,E (2482)-Bogdanovich,S (2593) Omelnyk 2017}) 9. dxc5 {[%emt 0:00:28]} bxc5 {[%emt 0:00:17]} 10. Bg5 {[%emt 0:00:46]} h6 {[%emt 0:00:50]} 11. Bh4 {[%emt 0:00:28]} g5 {[%emt 0:11:29]} 12. Bg3 {[%emt 0:00:30]} d6 {[%emt 0:00:08]} 13. f4 {[%emt 0:01:17]} Nd4 {[%emt 0:18:51]} 14. Bd3 {[%emt 0:08:02]} Nd7 {[%emt 0:21:20]} 15. Nd5 {[%emt 0:01:44]} c6 {[%emt 0:01:09]} 16. Ne3 {[%emt 0:00:15]} Qe7 $18 {[%emt 0:01:45]} 17. fxg5 {[%emt 0:11:41]} hxg5 {[%emt 0:01:56]} 18. Nf5 {[%emt 0:00:07]} Nxf5 {[%emt 0:00:05]} 19. Rxf5 {[%emt 0:00:43]} Ne5 {[%emt 0:01:04]} 20. Qd2 {[%emt 0:02:19]} f6 {[%emt 0:06:49]} 21. Raf1 {[%emt 0:01:11]} Rf8 {[%emt 0:00:11]} 22. Bxe5 {[%emt 0:03:57]} dxe5 {[%emt 0:00:23]} 23. Qf2 {[%emt 0:00:20]} O-O-O {[%emt 0:01:48]} 24. Bc2 {[%emt 0:00:34]} Qd6 {[%emt 0:06:37]} 25. Rxf6 {[%emt 0:02:40]} Rxf6 {[%emt 0:00:21]} 26. Qxf6 {[%emt 0:00:02]} Qd4+ {[%emt 0:00:02]} 27. Kh1 {[%emt 0:02:50]} Qxc4 {[%emt 0:00:18]} 28. Qf5+ {[%emt 0:00:13]} Kb8 {[%emt 0:00:23]} 29. Qxe5+ {[%emt 0:00:11]} Ka8 {[%emt 0:00:02]} 30. Qf6 {[%emt 0:00:05]} Rc8 {[%emt 0:01:57]} 31. Bb1 {[%emt 0:00:47]} g4 {[%emt 0:01:29]} 32. b3 {[%emt 0:02:17]} Qe2 {[%emt 0:00:50]} 33. Qf2 {[%emt 0:00:21]} Qxf2 {[%emt 0:00:05]} 34. Rxf2 {[%emt 0:00:01]} Rd8 {[%emt 0:00:07]} 35. Rf1 {[%emt 0:00:04]} Ba6 {[%emt 0:00:03]} 36. Re1 {[%emt 0:00:20]} c4 {[%emt 0:00:20]} 37. e5 {[%emt 0:00:16]} Re8 {[%emt 0:01:21]} 38. e6 {[%emt 0:00:57]} Re7 {[%emt 0:00:02]} 39. Bf5 {[%emt 0:00:08]} cxb3 {[%emt 0:00:50]} 40. axb3 {[%emt 0:00:01]} g3 {[%emt 0:00:48]} 41. h4 {[%emt 0:01:06]} Bc8 {[%emt 0:00:37]} 42. h5 {[%emt 0:00:03]} 1-0

[Event "Bhopal GM Open 2018"]
[Site "Bhopal"]
[Date "2018.12.27"]
[Round "9"]
[White "Anuj Shrivatri"]
[Black "Movsziszian, Karen"]
[Result "1/2-1/2"]
[WhiteElo "2357"]
[BlackElo "2505"]
[Annotator "RC"]
[PlyCount "61"]
[EventDate "2018.12.21"]
[EventType "swiss"]
[EventCountry "IND"]
[SourceTitle "playchess.com"]
[Source "ChessBase"]
[SourceQuality "1"]
[TimeControl "5400+30"]

1. Nf3 {[%emt 0:00:00]} d6 {[%emt 0:01:07]} 2. d4 {[%emt 0:00:00]} Nf6 {[%emt 0:00:06]} 3. c3 {[%emt 0:00:00]} Nbd7 {[%emt 0:02:08]} 4. Bg5 {[%emt 0:00:14]} h6 {[%emt 0:04:09]} 5. Bh4 {[%emt 0:00:16]} e5 {[%emt 0:01:54]} 6. Nbd2 {[%emt 0:00:20]} Be7 {[%emt 0:02:50]} 7. dxe5 {[%emt 0:04:18]} dxe5 {[%emt 0:01:59]} 8. e4 {[%emt 0:00:49]} O-O 9. Qc2 {[%emt 0:03:25]} Nh5 {[%emt 0:10:33]} 10. Bg3 {[%emt 0:09:42]} Nxg3 {[%emt 0:01:40]} 11. hxg3 {[%emt 0:00:08]} c6 {[%emt 0:00:04]} 12. Nc4 {[%emt 0:10:56]} Qc7 {[%emt 0:03:34]} 13. g4 {[%emt 0:02:48]} Nf6 {[%emt 0:00:15]} 14. g5 {[%emt 0:04:18]} hxg5 {[%emt 0:01:41]} 15. g3 {[%emt 0:19:59]} g4 {[%emt 0:05:18]} 16. Nfxe5 {[%emt 0:01:14]} Re8 {[%emt 0:18:48]} 17. f4 {[%emt 0:06:08]} gxf3 {[%emt 0:00:26]} 18. O-O-O {[%emt 0:05:09]} Ng4 {[%emt 0:11:13]} 19. Nxg4 {[%emt 0:09:23]} Bxg4 {[%emt 0:00:03]} 20. e5 {[%emt 0:00:08]} Bg5+ {[%emt 0:00:32]} 21. Kb1 {[%emt 0:00:06]} Bh6 {[%emt 0:00:13]} 22. Rh4 {[%emt 0:05:18]} Be6 {[%emt 0:00:10]} 23. Nd6 {[%emt 0:00:43]} Qa5 {[%emt 0:04:43]} 24. Bc4 {[%emt 0:00:51]} Qxe5 {[%emt 0:05:11]} 25. Re4 {[%emt 0:05:52]} Qxg3 {[%emt 0:15:01]} 26. Nxe8 {[%emt 0:00:11]} Rxe8 {[%emt 0:00:18]} 27. Bxe6 {[%emt 0:00:23]} fxe6 {[%emt 0:00:05]} 28. Qd3 {[%emt 0:02:17]} e5 {[%emt 0:01:30]} 29. Qc4+ {[%emt 0:02:02]} Kh7 {[%emt 0:03:38]} 30. Qf7 {[%emt 0:00:04]} Qg6 {[%emt 0:01:53]} 31. Qxf3 1/2-1/2

[Event "Bhopal GM Open 2018"]
[Site "Bhopal"]
[Date "2018.12.27"]
[Round "9"]
[White "Tran, Minh Thang"]
[Black "Alan Diviya Raj"]
[Result "1-0"]
[WhiteElo "2342"]
[BlackElo "2047"]
[Annotator "NA RC"]
[PlyCount "103"]
[EventDate "2018.12.21"]
[EventType "swiss"]
[EventCountry "IND"]
[SourceTitle "playchess.com"]
[Source "ChessBase"]
[SourceQuality "1"]
[TimeControl "5400+30"]

1. b3 {[%emt 0:02:25]} e5 {[%emt 0:00:00]} 2. Bb2 {[%emt 0:00:09]} Nc6 {[%emt 0:00:17]} 3. c4 {[%emt 0:00:17]} g6 {[%emt 0:02:43]} 4. Nc3 {[%emt 0:00:47]} Bg7 {[%emt 0:00:30]} 5. g3 {[%emt 0:00:14]} f5 {[%emt 0:03:57]} 6. Bg2 {[%emt 0:00:49]} Nf6 {[%emt 0:00:18]} 7. e3 {[%emt 0:00:46]} O-O {[%emt 0:00:21]} 8. Nge2 {[%emt 0:00:14]} d6 {[%emt 0:00:52]} 9. O-O {[%emt 0:00:56]} Ne7 {[%emt 0:05:36] A25: English Opening vs King's Indian with ...Nc6 but without early d3} (9... e4 10. d3 exd3 11. Qxd3 Be6 12. Rad1 Bf7 13. Qd2 g5 14. Nd4 Nxd4 15. exd4 f4 16. Bxb7 Rb8 17. Bg2 {0-1 (60) Lai,H (2557)-Fier,A (2493) Amsterdam 2017}) 10. d4 c6 {[%emt 0:02:46]} 11. Ba3 {[%emt 0:03:58]} Qc7 {[%emt 0:07:16]} (11... e4 $11 {and Black stays safe.}) 12. dxe5 {[%emt 0:01:20]} dxe5 {[%emt 0:00:13]} 13. Qd6 $146 {[%emt 0:04:24]} ({Predecessor:} 13. Bd6 Qd8 14. Bxe5 Be6 15. Qxd8 {½-½ (15) Wijesinghe,D (2170)-Dehigama,D (2040) Negombo 2003}) 13... Qxd6 {[%emt 0:01:43]} 14. Bxd6 {[%emt 0:00:07]} Kf7 {[%emt 0:00:52]} 15. Bxe5 {[%emt 0:00:11]} Be6 {[%emt 0:00:46]} 16. Nf4 {[%emt 0:00:57]} Rfe8 {[%emt 0:02:08]} 17. Bd4 {[%emt 0:04:47]} g5 {[%emt 0:06:07]} 18. Nxe6 {[%emt 0:00:57]} Kxe6 {[%emt 0:00:07]} 19. b4 {[%emt 0:01:07]} Bf8 {[%emt 0:04:48]} (19... Kf7 $142 20. Rfd1 Red8) 20. e4 {[%emt 0:02:27]} Red8 {[%emt 0:05:28]} 21. Rad1 {[%emt 0:03:33]} Ng6 {[%emt 0:04:50]} 22. exf5+ {[%emt 0:03:14]} Kxf5 {[%emt 0:00:07]} 23. b5 {[%emt 0:14:57]} Ne7 {[%emt 0:05:14]} 24. Rfe1 {[%emt 0:02:14]} cxb5 {[%emt 0:06:36]} 25. Ne4 {[%emt 0:04:22]} Ne8 {[%emt 0:06:40]} 26. cxb5 {[%emt 0:01:10]} Nd5 {[%emt 0:03:01]} 27. Nc5 {[%emt 0:00:21]} Bxc5 {[%emt 0:03:16]} 28. Re5+ {[%emt 0:02:52]} Kg6 {[%emt 0:01:30]} 29. Bxc5 {[%emt 0:02:23]} Nc3 {[%emt 0:02:22]} 30. Rde1 {[%emt 0:01:18]} Nc7 {[%emt 0:02:21]} 31. Be7 {[%emt 0:01:03]} Rd2 {[%emt 0:02:41]} 32. Rxg5+ {[%emt 0:01:31]} Kf7 {[%emt 0:03:48]} 33. Bb4 {[%emt 0:00:08]} Ne2+ {[%emt 0:00:40]} 34. Kf1 {[%emt 0:00:12]} Rb2 {[%emt 0:00:16]} 35. Ba5 {[%emt 0:02:22]} Ne6 {[%emt 0:01:45]} 36. Re5 {[%emt 0:00:06]} N6d4 {[%emt 0:00:47]} 37. Bxb7 {[%emt 0:01:33]} Rf8 {[%emt 0:06:55]} 38. Bc6 $18 {[%emt 0:01:39]} a6 {[%emt 0:06:53]} 39. R5xe2 {[%emt 0:00:38]} Nxe2 {[%emt 0:00:22]} 40. Rxe2 {[%emt 0:00:03]} Rxe2 {[%emt 0:00:18]} 41. Kxe2 {[%emt 0:00:03]} axb5 {[%emt 0:01:11]} 42. Bxb5 {[%emt 0:00:04]} Ra8 {[%emt 0:00:10]} 43. Bd2 {[%emt 0:00:05]} Kg6 {[%emt 0:00:10]} 44. a4 {[%emt 0:00:03]} Kh5 {[%emt 0:00:05]} 45. a5 {[%emt 0:00:04]} Kg4 {[%emt 0:00:17]} 46. h4 {[%emt 0:00:05]} Rb8 {[%emt 0:00:10]} 47. Bd7+ {[%emt 0:00:06]} Kh5 {[%emt 0:00:05]} 48. a6 {[%emt 0:00:20]} Rb2 {[%emt 0:00:25]} 49. a7 {[%emt 0:00:23]} Ra2 {[%emt 0:00:09]} 50. Kf3 {[%emt 0:00:04]} Kg6 {[%emt 0:01:56]} 51. Be3 {[%emt 0:00:06]} h5 {[%emt 0:00:10]} 52. Bc6 {[%emt 0:00:03]} 1-0

[Event "Bhopal GM Open 2018"]
[Site "Bhopal"]
[Date "2018.12.27"]
[Round "9"]
[White "Sahoo, Utkal Ranjan"]
[Black "Khusenkhojaev, Muhammad"]
[Result "1-0"]
[WhiteElo "2286"]
[BlackElo "2455"]
[Annotator "RC"]
[PlyCount "85"]
[EventDate "2018.12.21"]
[EventType "swiss"]
[EventCountry "IND"]
[SourceTitle "playchess.com"]
[Source "ChessBase"]
[SourceQuality "1"]
[TimeControl "5400+30"]

1. d4 {[%emt 0:00:00]} d5 {[%emt 0:02:26]} 2. c4 {[%emt 0:00:00]} dxc4 {[%emt 0:00:09]} 3. Nf3 {[%emt 0:00:22]} Nf6 {[%emt 0:00:10]} 4. e3 {[%emt 0:00:41]} e6 {[%emt 0:00:17]} 5. Bxc4 {[%emt 0:00:12]} c5 {[%emt 0:00:07]} 6. O-O {[%emt 0:00:12]} a6 {[%emt 0:00:07]} 7. dxc5 {[%emt 0:00:44]} Qxd1 {[%emt 0:00:14]} 8. Rxd1 {[%emt 0:00:04]} Bxc5 {[%emt 0:00:07]} 9. Be2 {[%emt 0:05:07]} O-O {[%emt 0:03:38]} 10. Nbd2 Rd8 {[%emt 0:07:04]} 11. Nb3 {[%emt 0:04:18]} Rxd1+ {[%emt 0:00:16]} 12. Bxd1 {[%emt 0:00:02]} Bd6 {[%emt 0:02:58]} 13. Nfd2 {[%emt 0:07:58]} Nbd7 {[%emt 0:26:43]} 14. Nc4 {[%emt 0:07:50]} Be7 {[%emt 0:00:12]} 15. Bf3 {[%emt 0:01:06]} e5 {[%emt 0:01:08]} 16. Bd2 {[%emt 0:02:01]} e4 {[%emt 0:00:43]} 17. Be2 {[%emt 0:00:20]} b6 {[%emt 0:00:53]} 18. Rc1 {[%emt 0:04:46]} Bf8 {[%emt 0:08:18]} 19. Bc3 {[%emt 0:04:19]} Nd5 {[%emt 0:00:18]} 20. Bd4 {[%emt 0:00:22]} a5 {[%emt 0:09:16]} 21. a4 {[%emt 0:04:38]} f5 {[%emt 0:06:35]} 22. f3 {[%emt 0:05:09]} Nc5 {[%emt 0:02:00]} 23. Nxb6 {[%emt 0:05:32]} Nxb3 {[%emt 0:04:28]} 24. Bc4 {[%emt 0:00:31]} Nxc1 {[%emt 0:01:20]} 25. Bxd5+ {[%emt 0:00:06]} Kh8 {[%emt 0:00:03]} 26. Bxa8 {[%emt 0:00:24]} Ne2+ {[%emt 0:00:16]} 27. Kf2 {[%emt 0:00:19]} Nxd4 {[%emt 0:00:07]} 28. exd4 {[%emt 0:01:05]} Be6 {[%emt 0:00:17]} 29. fxe4 {[%emt 0:00:11]} fxe4 {[%emt 0:00:05]} 30. Bxe4 {[%emt 0:00:07]} Bd6 {[%emt 0:00:36]} 31. Bd5 {[%emt 0:02:36]} Bc7 {[%emt 0:00:39]} 32. Na8 {[%emt 0:01:18]} Bxd5 {[%emt 0:00:25]} 33. Nxc7 {[%emt 0:00:05]} Bb3 {[%emt 0:00:04]} 34. d5 {[%emt 0:01:45]} Kg8 {[%emt 0:00:06]} 35. Ke3 {[%emt 0:00:12]} Kf7 {[%emt 0:00:17]} 36. Kd4 {[%emt 0:00:08]} Bxa4 {[%emt 0:00:28]} 37. Kc5 {[%emt 0:00:11]} Bc2 {[%emt 0:00:27]} 38. d6 {[%emt 0:00:13]} g5 {[%emt 0:00:43]} 39. Nd5 {[%emt 0:00:18]} Ke6 {[%emt 0:00:16]} 40. Nb6 {[%emt 0:00:17]} Be4 {[%emt 0:00:31]} 41. g3 {[%emt 0:00:07]} h5 {[%emt 0:00:30]} 42. Nc4 {[%emt 0:00:05]} a4 {[%emt 0:01:31]} 43. Nb6 {[%emt 0:00:04]} 1-0

[Event "Bhopal GM Open 2018"]
[Site "Bhopal"]
[Date "2018.12.27"]
[Round "9"]
[White "Gajwa Ankit"]
[Black "Rathnakaran, K.."]
[Result "1/2-1/2"]
[WhiteElo "2253"]
[BlackElo "2366"]
[Annotator "RC"]
[PlyCount "122"]
[EventDate "2018.12.21"]
[EventType "swiss"]
[EventCountry "IND"]
[SourceTitle "playchess.com"]
[Source "ChessBase"]
[SourceQuality "1"]
[TimeControl "5400+30"]

1. e4 {[%emt 0:00:00]} g6 {[%emt 0:00:00]} 2. d4 {[%emt 0:00:00]} d6 {[%emt 0:00:00]} 3. Nc3 {[%emt 0:00:21]} c6 {[%emt 0:00:00]} 4. Nf3 {[%emt 0:01:08]} Qc7 {[%emt 0:00:00]} 5. Be2 {[%emt 0:01:25]} Bg7 {[%emt 0:00:06]} 6. O-O {[%emt 0:02:54]} Nd7 {[%emt 0:00:17]} 7. a4 {[%emt 0:03:58]} Ngf6 {[%emt 0:00:24]} 8. Be3 {[%emt 0:05:27]} O-O {[%emt 0:00:18]} 9. Nd2 {[%emt 0:00:26]} e5 10. dxe5 {[%emt 0:06:41]} dxe5 {[%emt 0:01:38]} 11. Nc4 {[%emt 0:03:01]} Ne8 {[%emt 0:00:21]} 12. a5 {[%emt 0:04:40]} f5 {[%emt 0:00:23]} 13. exf5 {[%emt 0:03:28]} gxf5 {[%emt 0:00:06]} 14. f4 {[%emt 0:00:11]} e4 {[%emt 0:00:14]} 15. Bd4 {[%emt 0:01:24]} Bxd4+ {[%emt 0:02:29]} 16. Qxd4 {[%emt 0:00:10]} Ndf6 {[%emt 0:00:04]} 17. Ne3 {[%emt 0:07:28]} Ng7 {[%emt 0:01:34]} 18. Bc4+ {[%emt 0:05:38]} Kh8 {[%emt 0:00:09]} 19. Qc5 {[%emt 0:06:51]} Nd7 {[%emt 0:05:28]} 20. Qd4 {[%emt 0:06:10]} Nf6 {[%emt 0:04:17]} 21. Ne2 {[%emt 0:10:16]} c5 {[%emt 0:05:45]} 22. Qc3 {[%emt 0:01:57]} Bd7 {[%emt 0:00:07]} 23. Ng3 {[%emt 0:01:58]} Rae8 {[%emt 0:02:45]} 24. Rad1 {[%emt 0:01:55]} b5 {[%emt 0:02:46]} 25. axb6 {[%emt 0:00:15]} axb6 {[%emt 0:00:05]} 26. Be2 {[%emt 0:04:30]} Be6 {[%emt 0:02:52]} 27. Bb5 {[%emt 0:06:29]} Rc8 {[%emt 0:05:28]} 28. b3 {[%emt 0:01:13]} h5 {[%emt 0:05:51]} 29. Ne2 {[%emt 0:04:45]} Kh7 {[%emt 0:02:33]} 30. Rd2 {[%emt 0:04:47]} Qe7 {[%emt 0:05:25]} 31. Rfd1 {[%emt 0:03:03]} Rcd8 {[%emt 0:00:12]} 32. Bc4 {[%emt 0:01:09]} Rxd2 {[%emt 0:03:35]} 33. Qxd2 {[%emt 0:00:59]} Bxc4 {[%emt 0:00:26]} 34. Nxc4 {[%emt 0:00:21]} b5 {[%emt 0:01:33]} 35. Ne3 {[%emt 0:00:21]} Ng4 {[%emt 0:03:34]} 36. h3 {[%emt 0:01:09]} Nxe3 {[%emt 0:00:19]} 37. Qxe3 {[%emt 0:00:04]} Ne6 {[%emt 0:02:46]} 38. Rd5 {[%emt 0:00:33]} b4 {[%emt 0:02:41]} 39. Rxf5 {[%emt 0:01:39]} Rxf5 {[%emt 0:00:45]} 40. Qxe4 {[%emt 0:00:05]} Qf6 {[%emt 0:04:17]} 41. g4 {[%emt 0:00:40]} Ng7 {[%emt 0:00:08]} 42. Ng3 {[%emt 0:00:44]} hxg4 {[%emt 0:01:16]} 43. hxg4 {[%emt 0:00:05]} Qg6 {[%emt 0:01:11]} 44. Nxf5 {[%emt 0:00:47]} Qxg4+ {[%emt 0:00:05]} 45. Ng3+ {[%emt 0:00:07]} Kg8 {[%emt 0:02:37]} 46. Kf2 {[%emt 0:00:06]} Ne6 {[%emt 0:00:21]} 47. Ne2 {[%emt 0:00:19]} Kf7 {[%emt 0:02:37]} 48. Ke3 {[%emt 0:00:27]} Kf6 {[%emt 0:05:38]} 49. Qe5+ {[%emt 0:01:07]} Kg6 {[%emt 0:00:11]} 50. Kd3 {[%emt 0:01:11]} Qf5+ {[%emt 0:05:25]} 51. Qxf5+ {[%emt 0:00:29]} Kxf5 {[%emt 0:00:04]} 52. Kc4 {[%emt 0:00:26]} Ke4 {[%emt 0:00:24]} 53. f5 {[%emt 0:00:37]} Kxf5 {[%emt 0:00:14]} 54. Kd5 {[%emt 0:00:10]} Kf6 {[%emt 0:00:22]} 55. Kd6 {[%emt 0:00:20]} Kf7 {[%emt 0:00:21]} 56. Ke5 {[%emt 0:00:15]} Ke7 {[%emt 0:00:19]} 57. Kd5 {[%emt 0:01:02]} Kd7 {[%emt 0:00:34]} 58. Nc1 {[%emt 0:00:43]} Nd4 {[%emt 0:00:12]} 59. Nd3 {[%emt 0:00:25]} Nxc2 {[%emt 0:00:06]} 60. Kxc5 {[%emt 0:00:11]} Na1 {[%emt 0:00:06]} 61. Kxb4 {[%emt 0:00:04]} Nxb3 {[%emt 0:00:05]} 1/2-1/2